000 01567nam0a2200337 4500
001 RU\NLR\bibl\1428718
005 20250615220956.0
021 _aRU
_b2009-68223
_94215
035 _a(nilc)RSL-KNO-004375776
035 _a(NLR Aleph) 001420637
090 _a1340426
_c1340426
100 _a20090820d2009 |||y0rusy50 ca
101 0 _arus
102 _aRU
105 _ay |||||||||
200 1 _aОрганизация деятельности участковых уполномоченных милиции
_eкурс лекций
_fМ-во внутренних дел Рос. Федерации, ГОУ ВПО "Орловский юридический ин-т МВД России"
_g[сост.: Власов Сергей Анатольевич и др.]
210 _aОрел
_cОрЮИ МВД России
_d2009
215 _a112 с.
_d21
320 _aБиблиогр.: с. 109-112
606 1 _aМилиция
_jУчебные издания
_xУчастковые инспектора
_xОрганизация деятельности
_yРоссийская Федерация
_92455833
_3RU\NLR\auth\661459749
686 _aХ621.163.1я73-2
_2rubbk
686 _aХ621.163.1я7
702 1 _aВласов
_bС. А.
_gСергей Анатольевич
_4220
712 0 2 _4570
_aОрловский юридический институт
_9811247
_3RU\NLR\AUTH\880572474
801 0 _aRU
_bРКП
_c20090820
_grcr
801 1 _aRU
_bРГБ
_c20090820
801 2 _aRU
_bNLR
_c20091022
_grcr
942 _cBOOK
980 _aNB
980 _aNBR